| 000 | 01148nam a22002897a 4500 | ||
|---|---|---|---|
| 008 | 130821s2003 xxua gr eng | ||
| 020 |
_a038726597X _cv. 2 |
||
| 020 |
_a1402072295 _cv. 1 |
||
| 040 |
_aCo-BoUCM _bspa |
||
| 041 | 0 | 0 | _aeng |
| 100 | 1 |
_aChristensen, Peter Ove. _9171568 |
|
| 245 | 1 | 0 |
_aEconomics of accounting _cPeter O. Christensen, Gerald A. Feltham |
| 260 |
_aBoston (Massachusetts, Estados Unidos) _bKluwer Academic Publishers _cc2003-c2005 |
||
| 300 |
_a2 volúmenes _bilustraciones |
||
| 490 | 0 |
_aKluwer series in accounting scholarship _v1 |
|
| 490 | 0 |
_aSpringer series in accounting scholarship _vv. 2 |
|
| 504 | _aIncluye referencias bibliográficas e índice. | ||
| 505 | 0 | _av. 1. Information in markets -- v. 2. Performance evaluation. | |
| 650 | 0 | 4 |
_aAdministración de empresas _9435 |
| 650 | 0 | 4 |
_aContabilidad _97449 |
| 650 | 0 | 4 |
_aEconomía _9174 |
| 650 | 0 | 4 |
_aMicroeconomía _919488 |
| 700 | 1 |
_aFeltham, Gerald A. _d1938- _9171569 |
|
| 856 | 4 | 2 |
_3Publicador _uhttp://www.loc.gov/catdir/enhancements/fy0663/2002032064-d.html |
| 942 |
_a16 _e1 _kR _mC554e _cLIBRO _2DEWEY _h657 |
||
| 999 |
_c90915 _d90915 |
||